Culture, society, and the media /

Bibliographic Details
Other Authors: Gurevitch, Michael
Format: Book
Language:English
Published: London ; New York : Methuen, 1982.
Subjects:

MARC

Tag First Indicator Second Indicator Subfields
LEADER 00000pam a2200000 a 4500
001 in00000091724
005 20150923131801.0
008 811019s1982 enk b 00100 eng
010 |a  81016986  
020 |a 0416735002 :  |c $25.00 
020 |a 041673510X (pbk.) :  |c $11.95 
035 |a (OCoLC)07944864 
035 |9 AAK7056AM 
039 0 |a 2  |b 3  |c 3  |d 3  |e 3 
040 |a DLC  |c DLC  |d TXA  |d UtOrBLW 
049 |a TXAM  |c [1633283] 
050 0 0 |a HM258  |b  C844 1982 
082 0 |a 302.2/3  |2 19 
245 0 0 |a Culture, society, and the media /  |c edited by Michael Gurevitch [and others]. 
264 1 |a London ;  |a New York :  |b Methuen,  |c 1982. 
300 |a 317 pages ;  |c 24 cm. 
336 |a text  |b txt  |2 rdacontent 
337 |a unmediated  |b n  |2 rdamedia 
338 |a volume  |b nc  |2 rdacarrier 
504 |a Includes bibliographies and index. 
650 0 |a Mass media  |x Social aspects. 
700 1 |a Gurevitch, Michael. 
999 |a MARS 
999 f f |s 96e75174-1089-3334-9e1e-e25966212bf7  |i 59a6532a-fd6e-3fc0-b112-e487fd65ad29  |t 0 
952 f f |p ric  |a Texas A&M University  |b Rellis Campus  |c Joint Library Facility  |d Remote Storage  |t 0  |e HM258 C844 1982  |h Library of Congress classification  |i unmediated -- volume  |m A14806004025 
998 f f |a HM258 C844 1982  |t 0  |l Remote Storage